Szczegóły MARC21

Etyka zawodu psychologa /

003 -Nazwa inst., której nr kontr. jest w polu 001 [,]
    • @
    • Nazwa instytucji, której n kontrolny jest w polu 001
    • NUKAT
005 -DATA I CZAS OSTATNIEJ MODYFIKACJI [,]
    • @
    • pole kontrolne
    • 20241231093855.0
020 -Międzynarod. znormalizowany nr książki - ISBN [ , ]
    • a
    • Numer ISBN
    • 9788301155537 Find
040 -Instytucja sporządzająca opis [ , ]
    • a
    • Instytucja, która sporządziła opis (NP)
    • WR U/as
    • c
    • Instytucja, która sporządziła rekord (NP)
    • WR U/as
    • d
    • Instytucja, która zmodyfikowała rekord (P)
    • WR U/dl
    • d
    • Instytucja, która zmodyfikowała rekord (P)
    • KAT U/21MGs
    • d
    • Instytucja, która zmodyfikowała rekord (P)
    • KR U/APs
942 -Rodzaj dokumentu [ , ]
    • c
    • Rodzaj dokumentu
    • Książka
245 -Strefa tytułu i oznaczenia odpowiedzialności [0,0]
    • a
    • Tytuł
    • Etyka zawodu psychologa / Find
    • c
    • Pozostałe elementy strefy tytułu i oznaczenia odpowiedzialności (NP)
    • Jerzy Brzeziński [et al.].
260 -Strefa adresu wydawniczego [ , ]
    • a
    • Miejsce wydania (P)
    • Warszawa :
    • b
    • Nazwa wydawcy (P)
    • Wydawnictwo Naukowe PWN,
    • c
    • Data wydania (P)
    • 2008.
300 -Strefa opisu fizycznego [ , ]
    • a
    • Określenie formy książki i/lub objętość (NP)
    • 328 s. ;
    • c
    • Format (NP)
    • 25 cm.
336 -Typ zawartości [ , ]
    • a
    • Termin opisujący typ zawartości
    • Tekst
    • b
    • Kod określający zawartość
    • txt
    • 2
    • Źródło (terminu i kodu)
    • rdacontent
337 -Typ mediów [ , ]
    • a
    • Tryb odtwarzania
    • Bez urządzenia pośredniczącego
    • b
    • Kod typu mediów
    • n
    • 2
    • Źródło (terminu i kodu)
    • rdamedia
338 -Typ/rodzaj nośnika [ , ]
    • a
    • Hasło opisujące typ nośnika
    • Wolumin
    • b
    • Kod typu nośnika
    • nc
    • 2
    • Źródło (terminu i kodu)
    • rdacarrier
500 -Uwaga ogólna [ , ]
    • a
    • Uwaga ogólna (NP)
    • Na 4 s. okł: "Podręcznik obejmuje wszystkie najważniejsze aspekty roli zawodowej współczesnego psychologa [...]".
504 -Uwaga dot. bibliogr. załącznikowej [ , ]
    • a
    • Uwaga dot. bibliografii załącznikowej
    • Bibliogr. 311-322. Indeks.
080 -Uniwersalna Klasyfikacja Dziesiętna [ , ]
    • 2
    • Identyfikator wydania tablic
    • UDC-P058
    • a
    • Symbol klasyfikacji
    • 159.9
    • b
    • Dopowiedzenie
    • Psychologia.
    • x
    • Poddział wspólny
    • (075.8)
    • b
    • Dopowiedzenie
    • (Podręczniki dla szkół wyższych. Skrypty).
080 -Uniwersalna Klasyfikacja Dziesiętna [ , ]
    • 2
    • Identyfikator wydania tablic
    • UDC-P058
    • a
    • Symbol klasyfikacji
    • 174
    • b
    • Dopowiedzenie
    • Etyka zawodowa. Etyka obowiązku. Etyka pracy. Etyka stosunków między pracodawcą a pracownikiem.
    • x
    • Poddział wspólny
    • (075.8)
    • b
    • Dopowiedzenie
    • (Podręczniki dla szkół wyższych. Skrypty).
650 -Hasło przedmiotowe [ ,7]
    • a
    • Hasło przedmiotowe
    • Psycholodzy
    • x
    • Określnik rzeczowy
    • deontologia.
    • 2
    • Źródło terminu
    • kaba
    • 9
    • KHW
    • 441408
650 -Hasło przedmiotowe [ ,7]
    • a
    • Hasło przedmiotowe
    • Psychologia
    • x
    • Określnik rzeczowy
    • aspekt moralny.
    • 2
    • Źródło terminu
    • kaba
    • 9
    • KHW
    • 382696
650 -Hasło przedmiotowe [ ,7]
    • a
    • Hasło przedmiotowe
    • Psycholodzy
    • x
    • Określnik rzeczowy
    • deontologia
    • v
    • Określnik formalny
    • podręczniki akademickie.
    • 2
    • Źródło terminu
    • kaba
    • 9
    • KHW
    • 404587
980 -Symbol UKD [ , ]
    • a
    • UKD
    • 159.9:174](075.8)
700 -Hasło dodatkowe - nazwa osobowa [1, ]
    • a
    • Nazwa osobowa (NP)
    • Brzeziński, Jerzy Find
    • d
    • Daty biograficzne (NP)
    • (1947- ).
    • 9
    • KHW
    • 11528
710 -Hasło dodatkowe - nazwa ciała zbiorowego [2, ]
    • a
    • Nazwa ciała zbiorowego lub nazwa geograficzna jako pierwszy element (NP)
    • Wydawnictwo Naukowe PWN.
    • 4
    • Kod relacji
    • pbl
    • 9
    • KHW
    • 52648
920 -ISBN [ , ]
    • a
    • ISBN
    • 978-83-01-15553-7 Find
Lokalizacja Data inwentaryzacji Status udost. Numer inwentarzowy
BG2008-11-271Z.111831
BG2008-11-27-3Pd.19698
BG2014-11-13-3WM.16573
BG2014-11-13-3WM.16574
BG2014-11-13-3WM.16575
BG2008-11-27-3Pd.19699